Statistics for Who Drafted these players? NBA Edition

Click here to take the quiz!

General Stats

  • This quiz has been taken 384 times
  • The average score is 5 of 15

Answer Stats

PlayerTeam% Correct
Kobe BryantCharlotte Hornets
86%
Dirk NowitzkiMilwaukee Bucks
52%
Vince CarterGolden State Warriors
51%
Bill RussellSt. Louis Hawks
41%
Lamarcus AldridgeChicago Bulls
39%
Chris WebberOrlando Magic
34%
Rajon RondoPhoenix Suns
33%
Scottie PippenSeattle Supersonics
31%
Ray AllenMinnesota Timberwolves
26%
Steve FrancisVancouver Grizzlies
25%
Nerlens NoelNew Orleans Pelicans
24%
NeneNew York Knicks
23%
Stephon MarburyMilwaukee Bucks
20%
Dominique WilkinsUtah Jazz
13%
Shabazz NapierCharlotte Hornets
11%

Score Distribution

Percentile by Number Answered

Percent of People with Each Score

Your Score History

You have not taken this quiz